Enhancing university mathematics : proceedings of the First KAIST International Symposium on Teaching /
Guardado en:
| Autores Corporativos: | , |
|---|---|
| Otros Autores: | , |
| Formato: | Libro |
| Idioma: | English |
| Publicado: |
Providence, RI : Washington, D.C. :
American Mathematical Society ; Mathematical Association of America,
c2007.
|
| Series: | Issues in mathematics education,
v. 14 |
| Materias: | |
| Etiquetas: |
Agregar Etiqueta
Sin Etiquetas, Sea el primero en etiquetar este registro!
|
| LEADER | 03516cam a22003255a 4500 | ||
|---|---|---|---|
| 001 | MAT.inmabb006527 | ||
| 008 | 070620s2007####riua#####b####100#0#eng## | ||
| 005 | 20160510172029.0 | ||
| 245 | 1 | 0 | |a Enhancing university mathematics : |b proceedings of the First KAIST International Symposium on Teaching / |c Ki Hyoung Ko, Deane Arganbright, editors. |
| 260 | |a Providence, RI : |b American Mathematical Society ; |a Washington, D.C. : |b Mathematical Association of America, |c c2007. | ||
| 300 | |a xii, 223 p. : |b il. ; |c 26 cm. | ||
| 440 | 0 | |a Issues in mathematics education, |x 1047-398X ; |v v. 14 | |
| 500 | |a "Conference Board of the Mathematical Sciences." | ||
| 504 | |a Incluye referencias bibliográficas. | ||
| 505 | 0 | 0 | |t Mathematics in general education at KAIST / |r Ki Hyoung Ko -- |t Harnessing the enthusiasm of our best and brightest students for mathematics / |r Deborah Hughes Hallett -- |t Interactive geometry and multivariable calculus on the Internet / |r Thomas Banchoff -- |t Helping new mathematics faculty to develop into successful teachers and scholars / |r Christine Stevens -- |t Computer algebra and human algebra / |r William G. McCallum -- |t Teaching mathematics graduate students to teach: an international perspective / |r Solomon Friedberg -- |t Computers supporting mathematical insight: two case studies / |r Erich Neuwirth -- |t Mathematics: at your service / |r T. M. Mills and Peter Sullivan -- |t A leverage in learning / |r Huriye Arikan -- |t Towards inquiry-oriented mathematics instruction in the university / |r Oh Nam Kwon -- |t The influence of technology on mathematics instruction: concerns and challenges / |r Warren Page -- |t Research experiences with undergraduates: a discussion from the mathematical educational point of view / |r Chi-Kwong Li -- |t Problem solving: what I have learned from my students / |r James Sandefur -- |t Guidelines for using computers creatively in mathematics education / |r Ulrich Kortenkamp -- |t Suggestions from the real world on improving math education / |r Leon H. Seitelman -- |t Spreadsheets in the mathematics classroom / |r Robert S. Smith -- |t Incorporating MATLAB® into university mathematics programs / |r Alexander Stanoyevitch -- |t A CAS supported environment for learning and teaching calculus / |r Elena A. Varbanova -- |t Experience with blended learning: IT support inside the classroom and beyond / |r Gabriele E. Uchida -- |t On the mathematics courses for social science majors / |r Sung-Ock Kim -- |t On mathematical contents of computer science contests / |r S. O. Shilova and N. V. Shilov -- |t Curriculum for teaching how mathematics is applied to real world in teacher education course at a Japanese college / |r Masahiro Narita -- |t Workshop in Excel / |r Deane Arganbright, Erich Neuwirth and Robert S. Smith. |
| 510 | 4 | |a MR, |c 2008j:00019 | |
| 020 | |a 9780821841945 (alk. paper) | ||
| 020 | |a 0821841947 (alk. paper) | ||
| 111 | 2 | |a KAIST International Symposium on Teaching |n (1st : |d 2005 : |c Korea Advanced Institute of Science and Technology) | |
| 700 | 1 | |a Ko, Ki-hyoung. |4 edt | |
| 700 | 1 | |a Arganbright, Deane. |4 edt | |
| 710 | 2 | |a Conference Board of the Mathematical Sciences. | |
| 650 | 0 | |a Mathematics |x Study and teaching (Higher) |v Congresses. | |
| 650 | 0 | |a Mathematics |x Computer-assisted instruction |v Congresses. | |
| 650 | 0 | |a Electronic spreadsheets in education |v Congresses. | |
| 650 | 0 | |a Mathematics |x Data processing |v Congresses. | |
| 084 | |a 00B25 (00A35 97-06) |2 msc2000 | ||
| 010 | |a 2007060787 | ||
| 040 | |a DLC |c DLC |d YDXCP |d BTCTA |d BAKER |d WAU |d DLC | ||
| 859 | |h 97 |i K13 |p A-8744 |b BIB. MATEMATICA | ||
